Structural design guide to the ACI building code / (Record no. 549628)

000 -LEADER
fixed length control field 00583cam a2200169 a 4500
020 ## - INTERNATIONAL STANDARD BOOK NUMBER
International Standard Book Number 0442276338
082 00 - DEWEY DECIMAL CLASSIFICATION NUMBER
Classification number 624.183410218
Author Mark RIC
-- N-01,P-41
245 00 - TITLE STATEMENT
Title Structural design guide to the ACI building code /
Statement of responsibility, etc. Paul F. Rice ... [et al.].
250 ## - EDITION STATEMENT
Edition statement 3rd ed.
260 ## - PUBLICATION, DISTRIBUTION, ETC.
Place of publication, distribution, etc. New York :
Name of publisher, distributor, etc. Van Nostrand Reinhold Co.,
Date of publication, distribution, etc. c1985.
300 ## - PHYSICAL DESCRIPTION
Extent ix, 477 p. :
Other physical details ill. ;
Dimensions 24 cm.
526 ## - STUDY PROGRAM INFORMATION NOTE
Program name 0
Interest level 0
Reading level 0
Title point value 624_183410218000000_RIC
650 #0 - SUBJECT ADDED ENTRY--TOPICAL TERM
Topical term or geographic name entry element NUST
9 (RLIN) 6342
650 #0 - SUBJECT ADDED ENTRY--TOPICAL TERM
Topical term or geographic name entry element Reinforced concrete construction
General subdivision Specifications
Geographic subdivision United States.
9 (RLIN) 46264
700 1# - ADDED ENTRY--PERSONAL NAME
Personal name Rice, Paul F.,
9 (RLIN) 46265
942 ## - ADDED ENTRY ELEMENTS (KOHA)
Source of classification or shelving scheme
Koha item type Book
Holdings
Withdrawn status Lost status Source of classification or shelving scheme Damaged status Not for loan Permanent Location Current Location Date acquired Total Checkouts Full call number Barcode Date last seen Price effective from Koha item type
          Military College of Engineering (MCE) Military College of Engineering (MCE) 09/30/2014   624.183410218 RIC MCE-44391 09/30/2014 09/30/2014 Book
© 2023 Central Library, National University of Sciences and Technology. All Rights Reserved.